[Event "British Rapidplay Championship 2023"]
[Site "Mercure Bradford, Bankfield Hotel"]
[Date "2023.04.15"]
[Round "1.13"]
[White "Brencher, Paul"]
[Black "Barton, Ben"]
[Result "1-0"]
[TimeControl "All moves in 15 minutes plus 10 second increment per move from move 1"]
[WhiteElo "2022"]
[BlackElo "1577"]

1. d4 {[%clk 00:14:10]} {[%emt 00:00:02]} d5 {[%clk 00:15:19]} {[%emt
00:01:10]} 2. Nc3 {[%clk 00:14:15]} {[%emt 00:00:04]} c5 {[%clk 00:15:28]}
{[%emt 00:00:02]} 3. e4 {[%clk 00:14:19]} {[%emt 00:00:06]} dxe4 {[%clk
00:15:35]} {[%emt 00:00:03]} 4. Bb5+ {[%clk 00:13:20]} {[%emt 00:01:09]} Bd7
{[%clk 00:15:43]} {[%emt 00:00:01]} 5. dxc5 {[%clk 00:13:19]} {[%emt 00:00:11]}
Nf6 {[%clk 00:15:39]} {[%emt 00:00:14]} 6. Nge2 {[%clk 00:13:01]} {[%emt
00:00:28]} e5 {[%clk 00:15:01]} {[%emt 00:00:48]} 7. Bg5 {[%clk 00:11:27]}
{[%emt 00:01:45]} Bxc5 {[%clk 00:14:04]} {[%emt 00:01:06]} 8. Bxd7+ {[%clk
00:08:45]} {[%emt 00:02:52]} Nbxd7 {[%clk 00:13:37]} {[%emt 00:00:38]} 9. Nxe4
{[%clk 00:08:30]} {[%emt 00:00:24]} Qb6 {[%clk 00:10:34]} {[%emt 00:03:13]} 10.
Nxc5 {[%clk 00:06:53]} {[%emt 00:01:48]} Qxc5 {[%clk 00:09:59]} {[%emt
00:00:44]} 11. O-O {[%clk 00:06:33]} {[%emt 00:00:31]} O-O {[%clk 00:09:43]}
{[%emt 00:00:25]} 12. Nc3 {[%clk 00:06:20]} {[%emt 00:00:23]} Rfd8 {[%clk
00:09:19]} {[%emt 00:00:33]} 13. Qe2 {[%clk 00:06:20]} {[%emt 00:00:11]} h6
{[%clk 00:09:09]} {[%emt 00:00:20]} 14. Be3 {[%clk 00:06:21]} {[%emt 00:00:09]}
Qe7 {[%clk 00:08:18]} {[%emt 00:00:59]} 15. Rfd1 {[%clk 00:06:06]} {[%emt
00:00:27]} a6 {[%clk 00:07:13]} {[%emt 00:01:15]} 16. Rd2 {[%clk 00:05:28]}
{[%emt 00:00:49]} Nf8 {[%clk 00:07:21]} {[%emt 00:00:02]} 17. Rad1 {[%clk
00:05:31]} {[%emt 00:00:06]} Ng6 {[%clk 00:07:24]} {[%emt 00:00:07]} 18. h3
{[%clk 00:05:32]} {[%emt 00:00:09]} Rd7 {[%clk 00:06:58]} {[%emt 00:00:37]} 19.
Rxd7 {[%clk 00:04:48]} {[%emt 00:00:54]} Nxd7 {[%clk 00:07:06]} {[%emt
00:00:01]} 20. Nd5 {[%clk 00:04:57]} {[%emt 00:00:01]} Qd6 {[%clk 00:06:22]}
{[%emt 00:00:53]} 21. Nb6 {[%clk 00:04:26]} {[%emt 00:00:43]} Qc6 {[%clk
00:05:53]} {[%emt 00:00:39]} 22. Nxa8 {[%clk 00:04:29]} {[%emt 00:00:07]} f5
{[%clk 00:05:49]} {[%emt 00:00:14]} 23. Qd3 {[%clk 00:04:10]} {[%emt 00:00:28]}
Nh4 {[%clk 00:05:54]} {[%emt 00:00:05]} 24. Qd5+ {[%clk 00:04:06]} {[%emt
00:00:14]} Qxd5 {[%clk 00:06:02]} {[%emt 00:01:21]} 25. Rxd5 {[%clk 00:05:21]}
Nf6 {[%clk 00:06:09]} {[%emt 00:00:03]} 26. Rxe5 {[%clk 00:05:24]} {[%emt
00:00:07]} Ne4 {[%clk 00:06:15]} {[%emt 00:00:04]} 27. Nb6 {[%clk 00:05:18]}
{[%emt 00:00:16]} Nf6 {[%clk 00:06:22]} {[%emt 00:00:03]} 28. Nd5 {[%clk
00:05:22]} {[%emt 00:00:07]} Nd7 {[%clk 00:06:31]} {[%emt 00:00:02]} 29. Re7
{[%clk 00:05:22]} {[%emt 00:00:09]} Nf6 {[%clk 00:06:31]} {[%emt 00:00:10]} 30.
Nxf6+ {[%clk 00:05:31]} gxf6 {[%clk 00:06:39]} {[%emt 00:00:01]} 31. Rxb7
{[%clk 00:05:38]} {[%emt 00:00:04]} a5 {[%clk 00:06:48]} {[%emt 00:00:01]} 32.
c4 {[%clk 00:05:44]} {[%emt 00:00:05]} a4 {[%clk 00:06:57]} {[%emt 00:00:01]}
33. c5 {[%clk 00:05:52]} f4 {[%clk 00:07:05]} {[%emt 00:00:02]} 34. Bxf4 {[%clk
00:05:59]} {[%emt 00:00:04]} Nf5 {[%clk 00:07:13]} {[%emt 00:00:02]} 35. c6
{[%clk 00:06:06]} {[%emt 00:00:03]} Ng7 {[%clk 00:07:20]} {[%emt 00:00:03]} 36.
c7 {[%clk 00:06:15]} Kh7 {[%clk 00:07:29]} {[%emt 00:00:01]} 37. c8=Q {[%emt
00:00:03]} Kg6 {[%clk 00:07:37]} {[%emt 00:00:02]} 38. Qg4+ {[%clk 00:06:30]}
{[%emt 00:00:02]} Kh7 {[%clk 00:07:44]} {[%emt 00:00:02]} 39. Qxg7# {[%clk
00:00:00]} {[%emt 00:00:05]} 1-0

[Event "British Rapidplay Championship 2023"]
[Site "Mercure Bradford, Bankfield Hotel"]
[Date "2023.04.15"]
[Round "1.15"]
[White "Clark, Robert G"]
[Black "Lukhi, Neev"]
[Result "1/2-1/2"]
[TimeControl "All moves in 15 minutes plus 10 second increment per move from move 1"]
[WhiteElo "2008"]
[BlackElo "1544"]

1. c4 {[%clk 00:15:08]} {[%emt 00:00:11]} Nf6 {[%clk 00:15:18]} {[%emt
00:00:03]} 2. g3 {[%clk 00:15:05]} {[%emt 00:00:12]} e6 {[%clk 00:15:04]}
{[%emt 00:00:24]} 3. Bg2 {[%clk 00:15:12]} {[%emt 00:00:03]} d5 {[%clk
00:14:51]} {[%emt 00:00:23]} 4. Nf3 {[%clk 00:15:19]} {[%emt 00:00:03]} c6
{[%clk 00:14:32]} {[%emt 00:00:29]} 5. O-O {[%clk 00:15:25]} {[%emt 00:00:04]}
Be7 {[%clk 00:14:36]} {[%emt 00:00:06]} 6. b3 {[%clk 00:15:32]} {[%emt
00:00:04]} O-O {[%clk 00:14:31]} {[%emt 00:00:14]} 7. Bb2 {[%clk 00:15:37]}
{[%emt 00:00:03]} Nbd7 {[%clk 00:14:07]} {[%emt 00:00:36]} 8. d3 {[%clk
00:15:39]} {[%emt 00:00:07]} a5 {[%clk 00:13:41]} {[%emt 00:00:36]} 9. Nbd2
{[%clk 00:15:09]} {[%emt 00:00:41]} Re8 {[%clk 00:13:01]} {[%emt 00:00:51]} 10.
Re1 {[%clk 00:15:07]} {[%emt 00:00:11]} Nf8 {[%clk 00:12:24]} {[%emt 00:00:47]}
11. Qc2 {[%clk 00:14:42]} {[%emt 00:00:35]} Ng6 {[%clk 00:11:58]} {[%emt
00:00:36]} 12. Rad1 {[%clk 00:14:03]} {[%emt 00:00:48]} Qb6 {[%clk 00:11:47]}
{[%emt 00:00:21]} 13. e4 {[%clk 00:12:38]} {[%emt 00:01:35]} dxe4 {[%clk
00:09:26]} {[%emt 00:02:32]} 14. Nxe4 {[%clk 00:10:58]} {[%emt 00:01:50]} Nxe4
{[%clk 00:09:25]} {[%emt 00:00:10]} 15. dxe4 {[%clk 00:10:33]} {[%emt
00:00:35]} a4 {[%clk 00:08:53]} {[%emt 00:00:44]} 16. Re2 {[%clk 00:08:10]}
{[%emt 00:02:34]} axb3 {[%clk 00:08:29]} {[%emt 00:00:34]} 17. axb3 {[%clk
00:08:05]} {[%emt 00:00:15]} Ra2 {[%clk 00:07:05]} {[%emt 00:01:33]} 18. h4
{[%clk 00:06:34]} {[%emt 00:01:40]} Ba3 {[%clk 00:06:47]} {[%emt 00:00:30]} 19.
Qc3 {[%clk 00:06:24]} {[%emt 00:00:20]} Bxb2 {[%clk 00:06:46]} {[%emt
00:00:10]} 20. Rxb2 {[%clk 00:06:31]} {[%emt 00:00:02]} Rxb2 {[%clk 00:06:51]}
{[%emt 00:00:06]} 21. Qxb2 {[%clk 00:06:39]} {[%emt 00:00:03]} Rd8 {[%clk
00:06:54]} {[%emt 00:00:06]} 22. Rxd8+ {[%clk 00:05:11]} {[%emt 00:01:38]} Qxd8
{[%clk 00:07:02]} {[%emt 00:00:02]} 23. h5 {[%clk 00:04:50]} {[%emt 00:00:30]}
Nf8 {[%clk 00:06:15]} {[%emt 00:00:57]} 24. e5 {[%clk 00:02:52]} {[%emt
00:02:09]} h6 {[%clk 00:04:59]} {[%emt 00:01:27]} 25. Qd4 {[%clk 00:02:53]}
{[%emt 00:00:08]} Qxd4 {[%clk 00:05:01]} {[%emt 00:00:08]} 26. Nxd4 {[%clk
00:03:02]} {[%emt 00:00:01]} Nd7 {[%clk 00:04:58]} {[%emt 00:00:13]} 27. f4
{[%clk 00:03:10]} {[%emt 00:00:02]} Kf8 {[%clk 00:04:22]} {[%emt 00:00:46]} 28.
Kf2 {[%clk 00:03:16]} {[%emt 00:00:04]} Ke7 {[%clk 00:04:27]} {[%emt 00:00:05]}
29. Ke3 {[%clk 00:03:23]} {[%emt 00:00:03]} f6 {[%clk 00:04:02]} {[%emt
00:00:35]} 30. exf6+ {[%clk 00:03:09]} {[%emt 00:00:25]} Kxf6 {[%clk 00:03:55]}
{[%emt 00:00:16]} 31. Bh3 {[%clk 00:02:04]} {[%emt 00:01:15]} Nc5 {[%clk
00:02:14]} {[%emt 00:01:51]} 32. b4 {[%clk 00:01:46]} {[%emt 00:00:28]} Na6
{[%clk 00:02:22]} {[%emt 00:00:02]} 33. b5 {[%clk 00:01:21]} {[%emt 00:00:35]}
cxb5 {[%clk 00:02:30]} {[%emt 00:00:02]} 34. Nxb5 {[%clk 00:01:09]} {[%emt
00:00:22]} Bd7 {[%clk 00:02:29]} {[%emt 00:00:11]} 35. Bg2 {[%clk 00:00:28]}
{[%emt 00:00:50]} Bxb5 {[%clk 00:02:10]} {[%emt 00:00:30]} 36. cxb5 {[%clk
00:00:37]} Nc7 {[%clk 00:02:15]} {[%emt 00:00:05]} 37. Bxb7 {[%clk 00:00:22]}
{[%emt 00:00:26]} 1/2-1/2

[Event "British Rapidplay Championship 2023"]
[Site "Mercure Bradford, Bankfield Hotel"]
[Date "2023.04.15"]
[Round "1.16"]
[White "Bowmer, James"]
[Black "Singh, Amrik J"]
[Result "0-1"]
[TimeControl "All moves in 15 minutes plus 10 second increment per move from move 1"]
[WhiteElo "1531"]
[BlackElo "2000"]

1. e4 {[%clk 00:15:16]} {[%emt 00:00:04]} g6 {[%clk 00:15:19]} 2. d4 {[%clk
00:15:23]} {[%emt 00:00:03]} Bg7 {[%clk 00:15:28]} 3. Nf3 {[%clk 00:15:30]}
{[%emt 00:00:02]} d6 {[%clk 00:15:36]} {[%emt 00:00:03]} 4. Nc3 {[%clk
00:15:38]} {[%emt 00:00:02]} Nd7 {[%clk 00:15:44]} {[%emt 00:00:02]} 5. Bd3
{[%clk 00:15:04]} {[%emt 00:00:44]} a6 {[%clk 00:15:53]} {[%emt 00:00:01]} 6.
O-O {[%clk 00:15:10]} {[%emt 00:00:04]} b5 {[%clk 00:16:01]} {[%emt 00:00:02]}
7. a3 {[%clk 00:14:21]} {[%emt 00:00:58]} Bb7 {[%clk 00:16:10]} {[%emt
00:00:02]} 8. Re1 {[%clk 00:14:29]} {[%emt 00:00:02]} Rc8 {[%clk 00:16:09]}
{[%emt 00:00:12]} 9. Ne2 {[%clk 00:12:15]} {[%emt 00:02:23]} c5 {[%clk
00:15:58]} {[%emt 00:00:21]} 10. c3 {[%clk 00:12:02]} {[%emt 00:00:23]} e6
{[%clk 00:15:46]} {[%emt 00:00:22]} 11. d5 {[%clk 00:10:49]} {[%emt 00:01:24]}
exd5 {[%clk 00:15:11]} {[%emt 00:00:44]} 12. exd5 {[%clk 00:10:53]} {[%emt
00:00:06]} Ne7 {[%clk 00:14:26]} {[%emt 00:00:54]} 13. Nf4 {[%clk 00:09:56]}
{[%emt 00:01:07]} O-O {[%clk 00:14:20]} {[%emt 00:00:16]} 14. c4 {[%clk
00:07:18]} {[%emt 00:02:49]} bxc4 {[%clk 00:13:47]} {[%emt 00:00:43]} 15. Bxc4
{[%clk 00:07:23]} {[%emt 00:00:04]} Re8 {[%clk 00:11:33]} {[%emt 00:02:25]} 16.
Rb1 {[%clk 00:05:46]} {[%emt 00:01:47]} Ne5 {[%clk 00:10:59]} {[%emt 00:00:44]}
17. Nxe5 {[%clk 00:04:58]} {[%emt 00:00:58]} dxe5 {[%clk 00:11:06]} {[%emt
00:00:03]} 18. Nd3 {[%clk 00:04:21]} {[%emt 00:00:46]} Nxd5 {[%clk 00:10:55]}
{[%emt 00:00:22]} 19. Qe2 {[%clk 00:03:20]} {[%emt 00:01:11]} Nb6 {[%clk
00:09:44]} {[%emt 00:01:21]} 20. Ba2 {[%clk 00:02:47]} {[%emt 00:00:43]} a5
{[%clk 00:09:19]} {[%emt 00:00:36]} 21. f3 {[%clk 00:02:32]} {[%emt 00:00:24]}
e4 {[%clk 00:08:27]} {[%emt 00:01:02]} 22. Nf2 {[%clk 00:01:29]} {[%emt
00:01:13]} exf3 {[%clk 00:08:19]} {[%emt 00:00:17]} 23. Qxe8+ {[%clk 00:01:33]}
{[%emt 00:00:06]} Qxe8 {[%emt 00:00:04]} 24. Rxe8+ {[%clk 00:01:39]} {[%emt
00:00:02]} Rxe8 {[%clk 00:08:37]} {[%emt 00:00:01]} 25. gxf3 {[%clk 00:01:37]}
{[%emt 00:00:12]} Bxf3 {[%clk 00:08:24]} {[%emt 00:00:23]} 26. Bd2 {[%clk
00:00:56]} {[%emt 00:00:51]} Bd4 {[%clk 00:08:14]} {[%emt 00:00:20]} 27. Bxa5
{[%clk 00:00:20]} {[%emt 00:00:46]} Na4 {[%clk 00:07:48]} {[%emt 00:00:36]} 0-1

[Event "British Rapidplay Championship 2023"]
[Site "Mercure Bradford, Bankfield Hotel"]
[Date "2023.04.15"]
[Round "1.17"]
[White "Khoury, Theo"]
[Black "Cradock, Samir"]
[Result "1-0"]
[TimeControl "All moves in 15 minutes plus 10 second increment per move from move 1"]
[WhiteElo "1990"]
[BlackElo "1530"]

1. e4 {[%clk 00:15:18]} {[%emt 00:00:02]} e5 {[%clk 00:15:19]} {[%emt
00:00:02]} 2. Nf3 {[%clk 00:15:26]} {[%emt 00:00:02]} Nc6 {[%clk 00:15:27]}
{[%emt 00:00:02]} 3. d4 {[%clk 00:15:35]} exd4 {[%clk 00:15:31]} {[%emt
00:00:07]} 4. Nxd4 {[%clk 00:15:43]} {[%emt 00:00:02]} Bc5 {[%clk 00:15:39]}
{[%emt 00:00:02]} 5. Nb3 {[%clk 00:15:51]} {[%emt 00:00:01]} Bb6 {[%clk
00:15:40]} {[%emt 00:00:09]} 6. Nc3 {[%clk 00:16:00]} {[%emt 00:00:02]} Qf6
{[%clk 00:15:29]} {[%emt 00:00:21]} 7. Qe2 {[%clk 00:16:05]} {[%emt 00:00:04]}
Nge7 {[%clk 00:15:18]} {[%emt 00:00:21]} 8. Be3 {[%clk 00:16:05]} {[%emt
00:00:10]} O-O {[%clk 00:15:10]} {[%emt 00:00:18]} 9. O-O-O {[%clk 00:16:10]}
{[%emt 00:00:05]} d6 {[%clk 00:13:59]} {[%emt 00:01:22]} 10. h4 {[%clk
00:16:01]} {[%emt 00:00:17]} Bxe3+ {[%clk 00:13:12]} {[%emt 00:00:59]} 11. Qxe3
{[%clk 00:16:06]} {[%emt 00:00:04]} Be6 {[%clk 00:13:09]} {[%emt 00:00:14]} 12.
f3 {[%clk 00:16:01]} {[%emt 00:00:14]} a5 {[%clk 00:13:09]} {[%emt 00:00:10]}
13. g4 {[%clk 00:15:41]} {[%emt 00:00:30]} a4 {[%clk 00:12:39]} {[%emt
00:00:41]} 14. g5 {[%clk 00:15:46]} {[%emt 00:00:04]} Nf5 {[%clk 00:11:48]}
{[%emt 00:01:02]} 15. exf5 {[%clk 00:15:42]} {[%emt 00:00:14]} Qxf5 {[%clk
00:11:55]} {[%emt 00:00:03]} 16. Bd3 {[%clk 00:15:48]} {[%emt 00:00:03]} Qe5
{[%clk 00:11:44]} {[%emt 00:00:21]} 17. Qxe5 {[%clk 00:15:46]} {[%emt
00:00:12]} Nxe5 {[%clk 00:11:52]} {[%emt 00:00:03]} 18. Nd4 {[%clk 00:15:51]}
{[%emt 00:00:05]} a3 {[%clk 00:11:33]} {[%emt 00:00:29]} 19. b3 {[%clk
00:15:51]} {[%emt 00:00:10]} Bd7 {[%clk 00:11:15]} {[%emt 00:00:27]} 20. Nd5
{[%clk 00:15:27]} {[%emt 00:00:34]} c5 {[%clk 00:10:15]} {[%emt 00:01:11]} 21.
Ne2 {[%clk 00:15:06]} {[%emt 00:00:31]} Rfd8 {[%clk 00:09:09]} {[%emt
00:01:15]} 22. f4 {[%clk 00:15:03]} {[%emt 00:00:13]} Nc6 {[%clk 00:09:07]}
{[%emt 00:00:13]} 23. Nb6 {[%clk 00:14:59]} {[%emt 00:00:14]} Rab8 {[%clk
00:09:01]} {[%emt 00:00:16]} 24. Nxd7 {[%clk 00:14:49]} {[%emt 00:00:19]} Rxd7
{[%clk 00:09:10]} {[%emt 00:00:02]} 25. Rhe1 {[%clk 00:14:55]} {[%emt
00:00:03]} b5 {[%clk 00:08:53]} {[%emt 00:00:27]} 26. Nc3 {[%clk 00:14:53]}
{[%emt 00:00:13]} Nd4 {[%clk 00:07:45]} {[%emt 00:01:18]} 27. Nxb5 {[%clk
00:14:42]} {[%emt 00:00:21]} Nxb5 {[%clk 00:07:33]} {[%emt 00:00:22]} 28. Bxb5
{[%clk 00:14:50]} {[%emt 00:00:02]} Rdd8 {[%clk 00:07:42]} {[%emt 00:00:01]} 29.
Bc4 {[%clk 00:14:56]} {[%emt 00:00:04]} g6 {[%clk 00:07:34]} {[%emt 00:00:17]}
30. Re7 {[%clk 00:15:04]} {[%emt 00:00:03]} 1-0

[Event "British Rapidplay Championship 2023"]
[Site "Mercure Bradford, Bankfield Hotel"]
[Date "2023.04.15"]
[Round "1.18"]
[White "Railwani, Tavish"]
[Black "Pink, Joshua"]
[Result "0-1"]
[TimeControl "All moves in 15 minutes plus 10 second increment per move from move 1"]
[WhiteElo "1517"]
[BlackElo "1988"]

1. e4 {[%clk 00:15:16]} {[%emt 00:00:03]} e5 {[%clk 00:15:02]} {[%emt
00:00:19]} 2. Nf3 {[%clk 00:15:22]} {[%emt 00:00:04]} d6 {[%clk 00:15:04]}
{[%emt 00:00:08]} 3. d4 {[%clk 00:15:11]} {[%emt 00:00:21]} Bg4 {[%clk
00:15:10]} {[%emt 00:00:03]} 4. dxe5 {[%clk 00:15:14]} {[%emt 00:00:07]} Nd7
{[%clk 00:15:18]} {[%emt 00:00:03]} 5. exd6 {[%clk 00:15:02]} {[%emt 00:00:21]}
Bxd6 {[%clk 00:15:26]} {[%emt 00:00:04]} 6. Be2 {[%clk 00:15:03]} {[%emt
00:00:08]} Ngf6 {[%clk 00:15:34]} {[%emt 00:00:02]} 7. Nc3 {[%clk 00:15:10]}
{[%emt 00:00:02]} Qe7 {[%clk 00:15:44]} {[%emt 00:00:01]} 8. Bg5 {[%clk
00:14:35]} {[%emt 00:00:45]} O-O-O {[%clk 00:15:09]} {[%emt 00:00:45]} 9. O-O
{[%clk 00:10:06]} {[%emt 00:04:39]} Nc5 {[%clk 00:15:18]} {[%emt 00:00:01]} 10.
Qc1 {[%clk 00:08:36]} {[%emt 00:01:40]} Ncxe4 {[%clk 00:15:06]} {[%emt
00:00:22]} 11. Nxe4 {[%clk 00:04:56]} {[%emt 00:03:50]} Qxe4 {[%clk 00:15:12]}
{[%emt 00:00:04]} 12. Re1 {[%clk 00:05:01]} {[%emt 00:00:04]} Qf5 {[%clk
00:14:45]} {[%emt 00:00:39]} 13. Be3 {[%clk 00:04:38]} {[%emt 00:00:32]} Qh5
{[%clk 00:13:51]} {[%emt 00:01:05]} 14. h3 {[%clk 00:04:32]} {[%emt 00:00:16]}
Bxh3 {[%clk 00:13:59]} {[%emt 00:00:02]} 15. gxh3 {[%clk 00:03:30]} {[%emt
00:01:12]} Qxh3 {[%clk 00:14:06]} {[%emt 00:00:03]} 16. Bf4 {[%clk 00:02:48]}
{[%emt 00:00:52]} Qg4+ {[%clk 00:13:49]} {[%emt 00:00:26]} 17. Bg3 {[%clk
00:02:24]} {[%emt 00:00:33]} Bxg3 {[%clk 00:13:51]} 18. fxg3 {[%clk 00:02:30]}
{[%emt 00:00:13]} Qxg3+ {[%clk 00:13:59]} {[%emt 00:00:03]} 19. Kf1 {[%clk
00:01:41]} {[%emt 00:00:57]} Ng4 {[%clk 00:14:08]} {[%emt 00:00:03]} 20. c3
{[%clk 00:00:57]} {[%emt 00:00:54]} Qf2# {[%clk 00:14:03]} {[%emt 00:00:02]}
0-1

[Event "British Rapidplay Championship 2023"]
[Site "Mercure Bradford, Bankfield Hotel"]
[Date "2023.04.15"]
[Round "1.19"]
[White "Hall, James"]
[Black "Smith, Jacob"]
[Result "1-0"]
[TimeControl "All moves in 15 minutes plus 10 second increment per move from move 1"]
[WhiteElo "1980"]
[BlackElo "1513"]

1. e4 {[%clk 00:15:18]} d5 {[%clk 00:15:19]} {[%emt 00:00:02]} 2. d4 {[%clk
00:15:28]} dxe4 {[%clk 00:15:27]} {[%emt 00:00:01]} 3. Nc3 {[%clk 00:15:37]}
{[%emt 00:00:02]} Nf6 {[%clk 00:15:36]} {[%emt 00:00:01]} 4. Bg5 {[%clk
00:15:46]} Bf5 {[%clk 00:15:45]} 5. f3 {[%clk 00:15:55]} {[%emt 00:00:01]} exf3
{[%clk 00:15:19]} {[%emt 00:00:35]} 6. Qxf3 {[%clk 00:16:04]} {[%emt 00:00:01]}
e6 {[%clk 00:12:45]} {[%emt 00:02:45]} 7. Bxf6 {[%clk 00:16:11]} {[%emt
00:00:02]} gxf6 {[%clk 00:12:36]} {[%emt 00:00:20]} 8. O-O-O {[%clk 00:16:19]}
{[%emt 00:00:02]} Bh6+ {[%clk 00:12:17]} {[%emt 00:00:28]} 9. Kb1 {[%clk
00:16:25]} {[%emt 00:00:04]} c6 {[%clk 00:12:25]} {[%emt 00:00:03]} 10. d5
{[%clk 00:15:31]} {[%emt 00:01:04]} Qc8 {[%clk 00:09:36]} {[%emt 00:02:59]} 11.
g4 {[%clk 00:14:39]} {[%emt 00:01:01]} Bg6 {[%clk 00:06:57]} {[%emt 00:02:48]}
12. h4 {[%clk 00:14:12]} {[%emt 00:00:38]} f5 {[%clk 00:07:07]} {[%emt
00:00:01]} 13. g5 {[%clk 00:14:16]} {[%emt 00:00:06]} Bg7 {[%clk 00:07:15]}
{[%emt 00:00:02]} 14. h5 {[%clk 00:14:21]} {[%emt 00:00:04]} cxd5 {[%clk
00:06:31]} {[%emt 00:00:53]} 15. Bb5+ {[%clk 00:12:06]} {[%emt 00:02:26]} Nc6
{[%clk 00:06:23]} {[%emt 00:00:18]} 16. hxg6 {[%clk 00:10:21]} {[%emt
00:01:55]} fxg6 {[%clk 00:06:27]} {[%emt 00:00:05]} 17. Nh3 {[%clk 00:07:28]}
{[%emt 00:03:04]} a6 {[%clk 00:04:42]} {[%emt 00:01:56]} 18. Ba4 {[%clk
00:05:59]} {[%emt 00:01:39]} b5 {[%clk 00:04:16]} {[%emt 00:00:36]} 19. Bb3
{[%clk 00:06:08]} {[%emt 00:00:01]} Ne7 {[%clk 00:04:25]} {[%emt 00:00:01]} 20.
Rhe1 {[%clk 00:05:48]} {[%emt 00:00:30]} Bxc3 {[%clk 00:04:05]} {[%emt
00:00:30]} 21. bxc3 {[%clk 00:05:13]} {[%emt 00:00:45]} a5 {[%clk 00:03:31]}
{[%emt 00:00:44]} 22. Nf4 {[%clk 00:05:03]} {[%emt 00:00:19]} Ra6 {[%clk
00:03:21]} {[%emt 00:00:20]} 23. Qe2 {[%clk 00:03:20]} {[%emt 00:01:53]} Kf7
{[%clk 00:03:29]} {[%emt 00:00:03]} 24. Bxd5 {[%clk 00:01:37]} {[%emt
00:01:53]} Nxd5 {[%clk 00:03:23]} {[%emt 00:00:16]} 25. Nxd5 {[%clk 00:01:43]}
{[%emt 00:00:04]} Qc6 {[%clk 00:02:23]} {[%emt 00:01:11]} 26. Qe5 {[%clk
00:01:34]} {[%emt 00:00:18]} Ra7 {[%clk 00:00:17]} {[%emt 00:02:16]} 27. Qxh8
{[%clk 00:01:14]} {[%emt 00:00:30]} 1-0